000 01088nam a22003377a 4500
003 CHAP
005 20220817041041.0
008 971013s1990 r 00010 d
010 _a5321
011 _a6293
035 _a5513
040 _cCHAP
090 _aFolleto 13535
100 0 0 _aLandstra, Jelle A.
_964714
245 _aLiberalization of agricultural trade
_b: the way to strong and profitable agriculture
260 _aTaipei City, China :
_bFood & Fertilizer Technology Center,
_c1990
300 _a6 p.
490 _aExtensión bulletin
_v; 324
500 _a56-281
501 _aEnc. con otro impreso similar
590 _aBATCH-UPD
_b10
_c20130110
_lUCH01
_h0014
590 _aBATCH-UPD
_b10
_c20130110
_lUCH01
_h1832
590 _aBATCH-UPD
_b10
_c20130410
_lUCH01
_h1204
590 _aBATCH-UPD
_b10
_c20130914
_lUCH01
_h1714
590 _aCONVERSION
_b10
_c20130109
_lUCH01
_h1304
650 1 4 _aProductos agrícolas
_xMercadeo.
_991951
830 0 _aExtension bulletin
_v; 324
901 _aBK
942 _cFOLL
949 _aFolleto 13535
_bBC
_cFOLL
_d-15099
_eTS1
_i5513
_si
999 _c5321
_d5321